Santa Teresa de Jesús y la espiritualidad española (Record no. 131350)

MARC details
000 -LEADER
campo de control de longitud fija 00636nam a2200169 4500
001 - NÚMERO DE CONTROL
campo de control 131350
003 - IDENTIFICADOR DE NÚMERO DE CONTROL
campo de control ES-MaACL
005 - FECHA Y HORA DE LA ÚLTIMA TRANSACCIÓN
campo de control 20230906193950.0
007 - CAMPO FIJO DE DESCRIPCIÓN FÍSICA--INFORMACIÓN GENERAL
campo de control de longitud fija t|
008 - DATOS DE LONGITUD FIJA--INFORMACIÓN GENERAL
campo de control de longitud fija 070214s1972 sp r ||||1| spa d
100 1# - ENTRADA PRINCIPAL--NOMBRE DE PERSONA
Nombre de persona Rodríguez, Isaías.
9 (RLIN) 98251
245 10 - MENCIÓN DEL TÍTULO
Título Santa Teresa de Jesús y la espiritualidad española
Resto del título : presencia de Santa Teresa de Jesús en autores espirituales españoles de los siglos XVII y XVIII /
Mención de responsabilidad, etc. Isaías Rodríguez.
260 ## - PUBLICACIÓN, DISTRIBUCIÓN, ETC.
Lugar de publicación, distribución, etc. Madrid :
Nombre del editor, distribuidor, etc. Instituto `Francisco Suárez`,
Fecha de publicación, distribución, etc. 1972.
300 ## - DESCRIPCIÓN FÍSICA
Extensión XXXII, 598 p. ;
Dimensiones 25 cm.
710 2# - ENTRADA AGREGADA--NOMBRE DE ENTIDAD CORPORATIVA
Nombre de entidad corporativa o nombre de jurisdicción como elemento de entrada Instituto "Francisco Suárez"
9 (RLIN) 5062
852 ## - LOCALIZACIÓN
Ubicación ES-MaACL
Número de control de estantería C-50778
Sublocalización o colección R.85266
Holdings
Estatus retirado Estado de pérdida Estado de daño No para préstamo Biblioteca de origen Biblioteca actual Ubicación en estantería Fecha de adquisición Fuente de adquisición Total de préstamos Signatura topográfica completa Código de barras Visto por última vez Precio de reemplazo Tipo de ítem Koha
        Biblioteca del Ateneo de Madrid Biblioteca del Ateneo de Madrid Depósito 2 17/01/2008     C-50778 1136746 23/02/2023 23/02/2023 Libro impreso